El Torn de les alcaldesses : gènere i poder polític local : estudi sobre 25 municipis de la província de Barcelona amb una dona al capdavant de l'alcaldia (1995-1999) / María Morón Martín gènere i poder polític local :
ISBN:
84-7794-757-0
Descripción Física:
121 p. : il. fot. ; 24 cm
Colección:
Col·lecció D+I ; 2
MARC
| LEADER | 00000nam a2200000Ia 4500 | ||
|---|---|---|---|
| 001 | 12825 | ||
| 008 | 160829s2000 xx 000 0 cat d | ||
| 020 | |a 84-7794-757-0 | ||
| 080 | |a M-1-250 | ||
| 100 | |a Morón Martín, María |9 1010 | ||
| 245 | |a El Torn de les alcaldesses : |b gènere i poder polític local : |b estudi sobre 25 municipis de la província de Barcelona amb una dona al capdavant de l'alcaldia (1995-1999) / María Morón Martín | ||
| 260 | |a Barcelona : |b Diputació de Barcelona, |c 2000 | ||
| 300 | |a 121 p. : |b il. fot. ; |c 24 cm | ||
| 490 | |a Col·lecció D+I ; 2 | ||
| 650 | |a Dones en la política |x Barcelona (Província) |9 39225 | ||
| 650 | |a Alcaldesses |x Barcelona (Província) |9 32271 | ||
| 901 | |a Arxiu | ||
| 942 | |n 1 | ||
| 952 | |0 0 |1 0 |4 0 |6 M1250 |7 1 |9 45928 |a Arxiu |b Arxiu |d 2016-12-01 |l 0 |o M-1-250 |p 12825 |r 2016-12-01 00:00:00 |w 2016-12-01 |y ARXIU | ||
| 999 | |c 49429 |d 49429 | ||